A Comparison of UV spectroscopy and ion selective electrode in the determination of nitrate in Hevea foliage (Record no. 47016)

MARC details
000 -LEADER
fixed length control field 00624nam a2200205Ia 4500
100 ## - MAIN ENTRY--AUTHOR NAME
Personal name Krishnakumar A K
245 #2 - TITLE STATEMENT
Title A Comparison of UV spectroscopy and ion selective electrode in the determination of nitrate in Hevea foliage
260 ## - PUBLICATION, DISTRIBUTION, ETC. (IMPRINT)
Name of publisher Indian Journal of Natural Rubber Research
Year of publication 1990
300 ## - PHYSICAL DESCRIPTION
Number of Pages 135-137
650 ## - SUBJECT ADDED ENTRY--TOPICAL TERM
Topical Term Hevea
650 ## - SUBJECT ADDED ENTRY--TOPICAL TERM
Topical Term Hevea
650 ## - SUBJECT ADDED ENTRY--TOPICAL TERM
Topical Term Ion selective electrode
650 ## - SUBJECT ADDED ENTRY--TOPICAL TERM
Topical Term Ion selective electrode
650 ## - SUBJECT ADDED ENTRY--TOPICAL TERM
Topical Term UV Spectroscopy
650 ## - SUBJECT ADDED ENTRY--TOPICAL TERM
Topical Term UV Spectroscopy
700 ## - ADDED ENTRY--PERSONAL NAME
Personal name George E S
700 ## - ADDED ENTRY--PERSONAL NAME
Personal name Karthikakuttyamma M
942 ## - ADDED ENTRY ELEMENTS (KOHA)
Koha item type Articles
Holdings
Withdrawn status Lost status Damaged status Not for loan Home library Current library Shelving location Date acquired Serial Enumeration / chronology Koha item type
      Articles RRII Library RRII Library Agronomy 20/12/2021 Volume 3, Issue 2 Articles